| 000 | 00648nam a2200193Ii 4500 | ||
|---|---|---|---|
| 003 | JO-AjNU | ||
| 008 | 230605s9999||||xx |||||||||||||| ||und|| | ||
| 040 |
_aJO-AjNU _bara _erda _cJO-AjNU |
||
| 041 | _aara | ||
| 050 | 1 | 4 | _aK3611.T7.D3248.1999 |
| 100 | 3 |
_a الديات ، سميرة عايد , _eauthor _946483 |
|
| 245 | 0 | 0 | _aعمليات نقل وزرع الأعضاء البشرية بين الشرع والقانون |
| 250 | _a(د،ط) | ||
| 264 | 3 | 1 | _aعمان : مكتبة دار الثقافة ، 1999 |
| 300 | _a368ص | ||
| 336 |
_atext _btxt _2rdacontent |
||
| 337 |
_aunmediated _bn _2rdamedia |
||
| 338 |
_avolume _bnc _2rdacarrier |
||
| 999 |
_aA20225 _c23793 _d23793 |
||